| 000 | 00571nam a2200205Ia 4500 | ||
|---|---|---|---|
| 005 | 20221118125716.0 | ||
| 008 | 131103s9999 xx 000 0 und d | ||
| 020 | _aSBN 706900804 | ||
| 040 | _aLoreto College | ||
| 041 | _aEnglish | ||
| 082 |
_a954.03 _bMEH |
||
| 100 | _aMehrotra,S.R. | ||
| 245 | 4 |
_aThe emergence of the Indian National Congress _cS.R.Mehrotra |
|
| 260 |
_aDelhi _bVikas Publications _c1971 |
||
| 300 | _avi,461 p. | ||
| 504 | _aIncludes index and bibliographical references | ||
| 650 | _aIndian Modern History | ||
| 850 | _aLCLIB | ||
| 942 | _cBK | ||
| 999 |
_c9831 _d60310 |
||